| 000 | 00799nam a2200217Ia 4500 | ||
|---|---|---|---|
| 003 | GCL | ||
| 008 | 140319s9999 xx 000 0 ara d | ||
| 020 | _a5221281977 | ||
| 040 |
_aGCL / _cGCL |
||
| 082 | 0 | 4 |
_aق _b932.014 _bب ت |
| 100 | 1 | _aبدج، السير والس | |
| 245 | 1 | 0 |
_aتوت عنخ امون : _bمن عبادة آمون الى عبادة آتون الى التوحيد فى مصر القديمة / _cبدج، السير والس |
| 250 | _aالاولى | ||
| 260 |
_aالقاهرة : _bالمكتبة الاكاديمية ، _c2003 |
||
| 300 |
_a199 ص ؛ _c20 سم |
||
| 490 | _a | ||
| 650 | 0 | 4 | _aالفراعنة |
| 650 | 0 | 4 | _aتوت عنخ امون |
| 650 | 0 | 4 | _aمصر القديمة - تاريخ - الدولة الحديثة ( 1580 - 525 ق . م ) |
| 942 |
_2ddc _cBK |
||
| 999 |
_c40485 _d40485 |
||